00491nam a2200193 a 4500001001300000003000900013005001700022008004100039020001000080082001500090100002400105245001900129260003200148300000900180500003500189505002900224650002000253700002400273nice12345678IN_TiNIC20260116011539.0050524s1999 lona grp 000 0 per  ac10000a297.2bNAR aNaraqi, Mulla Ahmed aMerajul Saadat aLondon bNo Publisherc1999 a331p aincludes index and biblioraphy2 aFour Parts Boun Together aIslam-Doctrines1 aNaraqi, Mulla Ahmed